00566nam a2200157 a 450000100100000000500170001000800410002702000150006804000250008324501010010826000750020930000210028470000250030570000240033071000540035400003527620200930074226.0111027s2000 dr 000 0 spa d a8400079736 aDO-SdBNPbspacBNPHU00aValles submarinos y sistemas turbidíticos modernos /ceditores Belén Alonso y Gemma Ercilla. aBarcelona :bConsejo Superior de Investigaciones Científicas,c2000. a292 p. ;c29 cm.12aAlonso, Beléneed.12aErcilla, Gemmaeed.2 aConsejo Superior de Investigaciones Científicas